Mobilising Finance for Climate Action in Georgia

Saved in:
Bibliographic Details
Format: Book
Language:English
Published: Paris OECD 2018
Series:Green Finance and Investment
Subjects:
Tags: Add Tag
No Tags, Be the first to tag this record!

MARC

LEADER 00000nam a2200000 4500
001 0242980
005 20221220064807.9
020 |a 978-92-64-28970-3 
041 0 |a eng 
044 |a FR 
245 1 0 |a Mobilising Finance for Climate Action in Georgia 
264 1 |a Paris  |b OECD  |c 2018 
300 |a 90 s. 
490 1 |a Green Finance and Investment 
830 0 |a Green Finance and Investment 
610 2 0 |a ochrana prostredia životného 
610 2 0 |a investície ekologické 
610 2 0 |a projekty 
610 2 0 |a zmeny klimatické 
610 2 0 |a financovanie 
610 2 0 |a politika finančná 
610 2 0 |a konkurencia 
610 2 0 |a údaje štatistické 
610 2 0 |a Gruzínsko